000
00293nam a2200097Ia 4500
008
220204s9999 xx 000 0 und d
082
_a
33(048.8)(540)
_b
ECO
245
0
_a
Economic survey 2000-2001
260
_a
New Delhi
_b
Govt of India, Ministry of Finance, Economics Division
_c
2001
942
_c
BK
999
_c
41846
_d
41846